| 000 | 00399 a2200169 4500 | ||
|---|---|---|---|
| 003 | Nust | ||
| 005 | 20230525112417.0 | ||
| 040 | _cNust | ||
| 082 | _a823, DOS | ||
| 100 |
_aEden,Dorothy _9112578 |
||
| 245 |
_aThe Vines of Yarrabee _cDorothy Eden |
||
| 260 |
_aLondon _bHodder and Stroughton |
||
| 300 | _a315:p | ||
| 538 | _aAlmirah No.58 Shelf No.5 | ||
| 650 |
_aNovel _92525 |
||
| 942 |
_2ddc _cBK |
||
| 999 |
_c186690 _d186690 |
||